01620cam a2200265 i 4500001001000000003001000010005001700020007000300037008004100040020001500081040003400096041000800130082002000138100003900158245009900197264005700296264001200353300002700365336002700392337003300419338002800452505082800480563001501308650003101323768714001CO-MdFUSB20231102165314.0ta980323t1998 ilu b 000 0 eng  a083081941X aDLCcCO-MdFUSBdDLCbspaerda aeng00223a303.45bJ681 aJohnson, Phillip E.,d1940-eautor10aObjections sustained b: subversive essays on evolution, law & culture c/ Phillip E. Johnson  1aDowners Grove, Illinois :bInterVarsity Press,c1998 4c© 1998 a188 páginas ;c22 cm 2rdacontentatextobtxt 2rdamediaasin mediaciónbn 2rdacarrieravolumenbnc aI. Nueve ensayos sobre darwinistas y darwinismo -- El papa de la nueva religión -- Que es el darwinismo -- Domesticando a Darwin -- ¿Extinción: ¿malos genes o mala suerte? -- El narrador y el científico -- La peligrosa idea de Daniel Dennett -- El desmoronamiento del materialismo científico -- El Gorbachov del darwinismo -- Una lección de metafísica -- II. Ensayos sobre libros, cultura y derecho -- Involucrando a la tercera cultura -- La ley y la política de la libertad religiosa: una revolución en ciernes -- Cómo se perdieron las universidades -- Mosca prodigiosa -- La trompeta incierta de Gedeón -- Dejado atrás -- Ciencia promocional -- Precepto de Harter -- El circo de la muerte -- Genio y trabajo -- Enfrentando la ortodoxia -- La ley escrita en el corazón -- Haciendo la ley sensata aPasta dura 0aSociología de la cultura